| 000 | 00449nam a2200121Ia 4500 | ||
|---|---|---|---|
| 008 | 220217s9999 xx 000 0 und d | ||
| 245 | 0 | _aConveyor belts- Fire resistant conveyor belting for underground mines and such other hazardous applications-Specifications (Second Revision) | |
| 260 | _c1992 | ||
| 500 | _aStandard number: IS 3181 | ||
| 650 | _aFire resistant Conveyor belt | ||
| 650 | _aUnderground mines: Hazardous applications | ||
| 942 | _cST | ||
| 999 |
_c73640 _d73640 |
||